000
00308nam a22001337a 4500
008
171002b xxu||||| |||| 00| 0 eng d
020
_a
9780137007486
041
_a
eng
080
_2
6 ED
_a
37
100
_a
37
101
_a
EDU
245
_a
FOUNDATIONS AMERICAN EDUCATION
_c
WEBB.L.D
942
_2
udc
_c
BK
999
_c
31149
_d
31149